<?xml version="1.0" encoding="UTF-8"?>
<collection xmlns="http://www.loc.gov/MARC21/slim">
<record>
  <controlfield tag="001">147258</controlfield>
  <controlfield tag="005">20241216115436.0</controlfield>
  <datafield tag="024" ind1="7" ind2=" ">
    <subfield code="2">doi</subfield>
    <subfield code="a">10.3145/thinkepi.2023.e17a47</subfield>
  </datafield>
  <datafield tag="024" ind1="8" ind2=" ">
    <subfield code="2">sideral</subfield>
    <subfield code="a">140928</subfield>
  </datafield>
  <datafield tag="037" ind1=" " ind2=" ">
    <subfield code="a">ART-2023-140928</subfield>
  </datafield>
  <datafield tag="041" ind1=" " ind2=" ">
    <subfield code="a">spa</subfield>
  </datafield>
  <datafield tag="100" ind1=" " ind2=" ">
    <subfield code="a">Marta Lazo, Carmen María</subfield>
    <subfield code="u">Universidad de Zaragoza</subfield>
    <subfield code="0">(orcid)0000-0002-0004-1094</subfield>
  </datafield>
  <datafield tag="245" ind1=" " ind2=" ">
    <subfield code="a">La alfabetización mediática, vacuna ante la desinformación en la era de las TRIC</subfield>
  </datafield>
  <datafield tag="260" ind1=" " ind2=" ">
    <subfield code="c">2023</subfield>
  </datafield>
  <datafield tag="520" ind1="3" ind2=" ">
    <subfield code="a">En la era de las Tecnologías de la Relación, la Información y la Comunicación, bautizadas con el acrónimo TRIC, se ha producido una gran revolución en términos de cantidad y calidad informativa. La oferta ciclópea de contenidos provoca sobresaturación, un empacho de impactos constantes creados por millones de fuentes, que genera un gran volumen de contaminación informativa. La vorágine y celeridad en los ritmos con los que circulan los mensajes provoca desenfreno en usos y consumos, al tiempo que redunda en el procesamiento de la información mediante atajos cognitivos que impiden analizar y profundizar en el sentido de los mensajes. La desinformación es una pandemia para la que la sociedad no está preparada y es necesario atenderla, pues supone uno de los grandes peligros para la desestabilización ciudadana, pone en amenaza las libertades públicas y la democracia. La alfabetización mediática es la fórmula para dotar de los mecanismos de defensa ante esta enfermedad social en mayúsculas. Saber filtrar la información y contrastar fuentes es necesario para despertar la crítica en la retina. Al mismo tiempo, es necesario que los ciudadanos y ciudadanas como agentes creadores de mensajes sean conscientes de la trascendencia que tienen los contenidos que emiten y sepan medir el posible impacto de aquello que producen, asumiendo la autoría con criterio y responsabilidad.</subfield>
  </datafield>
  <datafield tag="506" ind1="0" ind2=" ">
    <subfield code="a">Access copy available to the general public</subfield>
    <subfield code="f">Unrestricted</subfield>
  </datafield>
  <datafield tag="540" ind1=" " ind2=" ">
    <subfield code="9">info:eu-repo/semantics/openAccess</subfield>
    <subfield code="a">by</subfield>
    <subfield code="u">http://creativecommons.org/licenses/by/3.0/es/</subfield>
  </datafield>
  <datafield tag="655" ind1=" " ind2="4">
    <subfield code="a">info:eu-repo/semantics/article</subfield>
    <subfield code="v">info:eu-repo/semantics/publishedVersion</subfield>
  </datafield>
  <datafield tag="710" ind1="2" ind2=" ">
    <subfield code="1">5013</subfield>
    <subfield code="2">675</subfield>
    <subfield code="a">Universidad de Zaragoza</subfield>
    <subfield code="b">Unidad Predepartam. Period.Co.</subfield>
    <subfield code="c">Área Periodismo</subfield>
  </datafield>
  <datafield tag="773" ind1=" " ind2=" ">
    <subfield code="g">17, 1 (2023), 1-4</subfield>
    <subfield code="p">Anu. Think EPI</subfield>
    <subfield code="t">Anuario Think EPI</subfield>
    <subfield code="x">1886-6344</subfield>
  </datafield>
  <datafield tag="856" ind1="4" ind2=" ">
    <subfield code="s">221513</subfield>
    <subfield code="u">http://zaguan.unizar.es/record/147258/files/texto_completo.pdf</subfield>
    <subfield code="y">Versión publicada</subfield>
  </datafield>
  <datafield tag="856" ind1="4" ind2=" ">
    <subfield code="s">2638764</subfield>
    <subfield code="u">http://zaguan.unizar.es/record/147258/files/texto_completo.jpg?subformat=icon</subfield>
    <subfield code="x">icon</subfield>
    <subfield code="y">Versión publicada</subfield>
  </datafield>
  <datafield tag="909" ind1="C" ind2="O">
    <subfield code="o">oai:zaguan.unizar.es:147258</subfield>
    <subfield code="p">articulos</subfield>
    <subfield code="p">driver</subfield>
  </datafield>
  <datafield tag="951" ind1=" " ind2=" ">
    <subfield code="a">2024-12-16-11:28:20</subfield>
  </datafield>
  <datafield tag="980" ind1=" " ind2=" ">
    <subfield code="a">ARTICLE</subfield>
  </datafield>
</record>
</collection>